01422pab a2200157 454500008004000000100002200040245009000062260000900152300001500161362001200176520096100188650002701149650001801176650002601194773004401220180718b2013 xxu||||| |||| 00| 0 eng d aRardhasaradhi, Y. aEthical governance and society: Information technology as a new transparency paradigm c2013 ap.595-603. aJul-Sep aThe paradigm shift in governance is intricately linked with the spread of globalisation that swept through the 1990s and consolidated its philosophy by the beginning of the new millennium. The transformation, albeit, began with the New Public Management (NPM) movement that caught the imagination of the Western Europe, Canada, the United States, Australia, New Zealand and South Korea. India, too, began to follow the NPM norms, though on a slower note. Globalisation brought in its wake the ever evolving information and communication technologies to the doorsteps of developing world countries and the process of modernising the administrative systems in conformity with the global standards began in earnest. However, conditions have not been that conducive in the developing world, including India, to move from administration to governance on account of parochialism, localisation, authoritarian systems and over all, political culture. - Reproduced. aInformation technology aSocial system aPublic administration aIndian Journal of Public Administration